| 000 | 00368nam a22001337a 4500 | ||
|---|---|---|---|
| 082 | 0 | 4 |
_a620.1 _bMOR |
| 100 | 1 |
_aMorley, Arthur, _939734 |
|
| 245 | 1 | 0 | _aApplied mechanics |
| 260 |
_aLondon, _aNew York [etc.] _bLongmans, Green, and Co., _c1943. |
||
| 300 |
_aviii, 360 p. _bdiagrs. |
||
| 526 |
_a0 _b0 _c0 _d620_100000000000000_MOR |
||
| 650 | 0 |
_aMCE _9379 |
|
| 942 |
_2ddc _cBK |
||
| 999 |
_c544919 _d544919 |
||